Slipknot Songs by First Lyrics - Statistics

General Stats
  • This quiz has been taken 513 times
    508 since last reset
  • The average score is 19 of 44
Answer Stats
Hint Answer % Correct
I've felt the hate rise up in me, kneel down and clear the stone of leaves, I wander out where you can't see, inside my shell, I wait and bleed Wait and Bleed
95%
I push my fingers into my eyes, it's the only thing that slowly stops the ache, but it's made of all the things I have to take. Jesus, it never ends, it works its way inside, if the pain goes on Duality
91%
Insane, am I the only motherf**ker with a brain? I'm hearing voices but all they do is complain, how many times have you wanted to kill everything and everyone, say you'll do it but never will Eyeless
88%
I did my time and I want out, so effusive, fade, it doesn't cut, the soul is not so vibrant. The reckoning, the sickening, packaging subversion, pseudo-sacrosanct perversion Psychosocial
85%
Did you never give a damn in the first place? Maybe it's time you had the tables turned, 'cause in the interest of all involved I got the problem solved and the verdict is guilty... Spit it Out
76%
I wanna slit your throat and f**k the wound, I wanna push my face in and feel the swoon, I wanna dig inside, find a little bit of me, cuz the line gets crossed when you don't come clean Disasterpiece
72%
Undo these chains, my friend, I'll show you the rage I've hidden, perish the Sacrament, swallow, but nothing's forgiven The Devil in I
70%
Oh, I'll never kill myself to save my soul, I was gone, but how was I to know? I didn't come this far to sink so low, I'm finally holding on to letting go Unsainted
70%
Liberate my madness, (One of me, all of you). Liberate my madness, I just want to liberate my madness, (One of me, all of you). Liberate my madness Liberate
63%
Come on down and see the idiot right here, too f**ked to beg and not afraid to care, what's the matter with calamity anyways? Right? Get the f**k out of my face People = Sh*t
63%
It's strange, whenever I see a gun I think about just how petty you are and it blows my f**king mind, yeah, it blows my f**king mind Custer
60%
(Tattered and torn), something aches. (Tattered and torn), bad things slither. (Tattered and torn), my floors are burning down. (Tattered and torn) and I can't find a window Tattered and Torn
60%
I'm a pop star threat and I'm not dead yet, got a super dread bet with an angel drug head, like a dead beat winner, I want to be a sinner, an idolized bang for the industry killer The Heretic Anthem
56%
Sitting in the dark, I can't forget, even now, I realize the time I'll never get, another story of the bitter pills of fate, I can't go back again, I can't go back again Dead Memories
54%
She's sticking needles in her skin, I turn with an ugly grin, her canvas doesn't leave a lot to fantasy Killpop
54%
Enemy, show me what you wanna be, I can handle anything, even if I can't handle you. Readily, either way it better be, don't you f**kin' pity me, get up, get off... (sic)
53%
Bury all your secrets in my skin, come away with innocence, and leave me with my sins. The air around me still feels like a cage, and love is just a camouflage for what resembles rage again Snuff
52%
I'm never enough, you bleed me dry, using me up, dissatisfied, and used, another key to the empty spot in you Nero Forte
49%
Put your hands into the water, let your mouth go sick and dry, put your life into your death now, et them sing until you die, die, die, die, yeah The Dying Song (Time to Sing)
47%
You are all f**ked, and overrated, I think I'm gonna be sick and it's your fault, this is the end of everything, you are the end of everything. I haven't slept since I woke up and found my whole life was a lie, motherf**ker, this is the end of everything, you are the end of everything Everything Ends
46%
Stapled shut, inside an outside world and I'm sealed in tight, bizarre but right at home, claustrophobic, closing in and I'm, catastrophic, not again Before I Forget
45%
My Guilt and My Shame always sell me short, always feel the same and my face and my soul always wear me thin, always under control, but the longest hours you'll have in your life are the ones you sit through to know if you're right, so I'll wait, but I pray that I'm wrong because I think I know what's going on Sulfur
39%
Today, up on this hill, I'm counting all the killers. They sway as they swarm, a look of gluttons in their eyes, they mutter as the body loses warmth. They pick your bones like locks inside a tomb and take great care to not take care of you Solway Firth
38%
I've known faces that have disappeared in time, find me wrapped in glass and slowly soaked in lime, all my friends have pictures made to make you cry, I've seen this and wondered what I've done to calcify Left Behind
33%
You're the sin that I've been waiting for, the hands around my throat, tt's all I can think about, the smell of sweat and blood, I would feed you all my pleasures, just to drown in all of yours, have you heard of me? Are you hurting me? Yen
29%
I'm just a Judas, looking for a silver line and tomorrow is still a step behind, hey hey drama, I'd love to be a waste of your time, oh no, thanks so much for wasting mine, so hear me out Birth Of The Cruel
27%
Relax, it's over, you belong to me, I fill your mouth with dirt. Relax, it's over, you can never leave, I take your second digit with me, love Iowa
27%
What a world, the horizon's coming like a hell-bent killing machine, can't afford to be the goddamn wreckage, burn it all again at a million degrees. Calling all the adamant upper-level undefeated counterfeit c*nts with a reason to fear, throw away all the meaningless sh*t that's clinging, the enemy is here, I said stop All Out Life
26%
God's in a coma, put Faith in a life support, running away won't feel the same, if you reach a metaphysical last resort. Oh, malevolence and purgatory give you pause, it's a miracle you haven't broken any laws, we are not entitled to surviving, so keep your friends and your enemies thriving Critical Darling
26%
Everything is god online, and it's as evil as it gets, this is not a f**kin' trick, either follow or repent (No choice). Get infected by a vertical event, check the meter, check your watch, are they ever gonna stop? The Chapeltown Rag
26%
Black dirty teeth in the crease, was the proof too good to be believed? It's the c*nt with the tongue who belongs on broken knees AOV
24%
Give me the dust of my father, stand on the face of the ancients, bare the secret flesh of time itself Circle
23%
My friends are all hurting from moments and regrets and charity laced with a lie, and still we keep hoping, to fix all the defects and strengthen these seminal ties Til We Die
23%
I wept when I realized there were no more demons left to conquer, an opportunity to show my feelings with skin so thick you'd swear it was armor Orphan
21%
Bones in the water and dust in my lungs, absorbing archaic like a sponge, the ultimate way is the way you control, but can you stay if you detach your soul The Blister Exists
21%
Well you can go it alone or keep it in between the pages of the books you burn, so no one gets to read. The fingers pull your stitches tight, but knowing someone's secret is not enough, everyone's a little bit a lot of the time Spiders
19%
Chaos, it's just the beginning, every promise I made I'm rescinding, center mass in the middle of the monster, I'm getting tired of drowning the constant cry of help Three Nil
19%
The season at an end, a harvest of seclusion and regret, the burning can begin, a period of ash is what you get, the quiet is a curse but my respect was shown to you by force, another day too late, another neck too eager for the rope A Liar's Funeral
17%
I'm ethereal, my children are legion, serial, they stick to my skin like beloved cysts. I tear away with my nails and teeth and fists, touch the hands of inverted saints, follow my heart through the threaded pain, callow man is a sentinel screaming, I see the future; the future is bleeding New Abortion
16%
Watch those idiosyncrasies, watch all the idiots fall on me, running out of ways to get outta the way, take another shot just to stay the same The Opium of the People
15%
I am a product of your conduct, the uncontrollable urges that made me have made us all, re you proud? Do you even care? You taught us all to lie, that's how we made it here Welcome
15%
I don't know why I never told you, I don't know why I never tried Prelude 3.0
14%
Wallow in the winter of it, discover what you truly covet, underneath and far above it you slither in all kinds of sh*t Sarcastrophe
14%
Past just saving, this is like escaping, running wild in the middle of weeds, eyes can't see me, careful with your breathing, get away or they get to feed Red Flag
13%
No matching quizzes found
Score Distribution
Percent of People with Each Score
Percentile by Number Answered
Your Score History
You have not taken this quiz since the last reset